000 00868cam a22002533a 4500
001 13127
003 PGUSA
005 20140828083301.0
008 040807s2004||||xxu|||||s|||||000 | eng d
040 _aPGUSA
_beng
042 _adc
050 4 _aDS
100 1 _aMeer Hasan Ali,
_cMrs
245 1 0 _aObservations on the Mussulmauns of India :
_bDescriptive of Their Manners, Customs, Habits and Religious Opinions Made During a Twelve Years' Residence in Their Immediate Society
_h[electronic resource] /
_cMeer Hasan Ali,
260 _bProject Gutenberg,
_c2004
506 _aPublic domain in the USA.
516 _aElectronic text
653 _aMuslims -- India
653 _aIndia -- Social life and customs
700 1 _aCrooke, William,
_d1848-1923
830 0 _aProject Gutenberg
_v13127
856 4 0 _uhttp://www.gutenberg.org/ebooks/13127
942 _cEB
999 _c242382
_d242382